Kỹ thuật nuôi thủy đặc sản nước ngọt
Сохранить в:
| Главный автор: | |
|---|---|
| Формат: | |
| Язык: | Undetermined |
| Опубликовано: |
H.
Nông Nghiệp
2002
|
| Предметы: | |
| Метки: |
Добавить метку
Нет меток, Требуется 1-ая метка записи!
|
| Thư viện lưu trữ: | Trung tâm Học liệu Trường Đại học Cần Thơ |
|---|
| LEADER | 00538nam a2200193Ia 4500 | ||
|---|---|---|---|
| 001 | CTU_57082 | ||
| 008 | 210402s9999 xx 000 0 und d | ||
| 020 | |b 12500 | ||
| 082 | |a 639.31 | ||
| 082 | |b L550/T1 | ||
| 100 | |a Ngô Trọng Lư | ||
| 245 | 0 | |a Kỹ thuật nuôi thủy đặc sản nước ngọt | |
| 245 | 0 | |c Ngô Trọng Lư | |
| 260 | |a H. | ||
| 260 | |b Nông Nghiệp | ||
| 260 | |c 2002 | ||
| 650 | |a freshwater fishes | ||
| 650 | |x fish-culture | ||
| 980 | |a Trung tâm Học liệu Trường Đại học Cần Thơ | ||